000 00559nam a2200205 u 4500
005 20240419063734.0
008 080526s2005 ag r 000 0 spa d
020 _a9501118185
035 _aUPN01000156272
049 _aI
050 4 _aPZ76.3
_bG3.6
100 1 _aGaetán, Maura
_936900
245 1 3 _aEl patito feo /
_cadap. Maura Gaetán.
260 _aBuenos Aires :
_bSigmar,
_c2005.
300 _a[8] p. :
_bil. col.
440 0 _aVioletas
650 0 _aAnimales
_vCuentos y leyendas
_9234
650 4 _aCuentos infantiles
_96744
905 _aInfantil
999 _c128386
_d128386